| 000 | 01292nam0a22002891 4500 | ||
|---|---|---|---|
| 001 | rc\753360 | ||
| 005 | 20040301142423.7 | ||
| 035 | _a(NLR Aleph) 006281582 | ||
| 090 |
_a7055282 _c7055282 |
||
| 100 | _a20040301d1985 u |0rusy50 ca | ||
| 101 | 0 | _arus | |
| 102 | _aRU | ||
| 105 | _aa ||||||||| | ||
| 200 | 1 |
_aГидравлические потери на трение в водоводах электростанций _f[А.Д. Альтшуль, Ю.А. Войтинская, В.В. Казеннов, Э.Н. Полякова _gРедкол.: Непорожний П.С. (пред.) и др.] |
|
| 210 |
_aМ. _cЭнергоатомиздат _d1985 |
||
| 215 |
_a[1], 105 с. _cил. _d20 |
||
| 225 | 1 |
_aБ-ка гидротехника и гидроэнергетика _vВып. 81 |
|
| 300 | _aВ вып. дан. 1-й авт.: Адольф Давидович Альтшуль | ||
| 300 | _aАвт. указаны на обороте тит. л. | ||
| 320 | _aБиблиогр.: с. 103-105 (65 назв.) | ||
| 702 | 1 |
_aАльтшуль _bА. Д. _gАдольф Давыдович _4220 |
|
| 702 | 1 |
_aНепорожний _bП. С. _gПетр Степанович _4340 |
|
| 801 | 0 |
_aRU _bNLR _gpsbo |
|
| 801 | 1 |
_aRU _bELAR _2rusmarc |
|
| 852 |
_aNLR _j86-3/6085 |
||
| 942 | _cBOOK | ||
| 980 | _aNB | ||